Batman Beyond Episode Names - Statistics

General Stats
  • This quiz has been taken 47 times
  • The average score is 14 of 53
Answer Stats
Episode Answer % Correct
Title "Batman Beyond: Return of the Joker"
90%
1 "Rebirth"
70%
2 "Rebirth"
70%
4 "Golem"
50%
7 "Shriek"
50%
11 "Disappearing Inque"
40%
5 "Meltdown"
40%
24 "Payback"
40%
10 "Spellbound"
40%
7 "The Call Part 1"
40%
8 "The Call Part 2"
40%
9 "The Winning Edge"
40%
25 "Where's Terry?"
40%
12 "A Touch of Curaré"
30%
12 "Babel"
30%
4 "Big Time"
30%
3 "Black Out"
30%
8 "Dead Man's Hand"
30%
2 "Earth Mover"
30%
14 "Eyewitness"
30%
8 "Hooked Up"
30%
3 "Inqueling"
30%
7 "Once Burned"
30%
5 "Out of the Past"
30%
9 "Rats"
30%
1 "Splicers"
30%
13 "Unmasked"
30%
26 "Ace in the Hole"
20%
22 "April Moon"
20%
17 "Armory"
20%
13 "Ascension"
20%
9 "Betrayal"
20%
6 "Heroes"
20%
1 "King's Ransom"
20%
13 "Terry's Friend Dates a Robot"
20%
19 "The Eggbaby"
20%
20 "Zeta"
20%
6 "Bloodsport"
10%
12 "Countdown"
10%
10 "Curse of the Cobra Part 1"
10%
11 "Curse of the Cobra Part 2
10%
3 "Joyride"
10%
4 "Lost Soul"
10%
10 "Mind Games"
10%
11 "Revenant"
10%
23 "Sentries of the Last Cosmos"
10%
15 "Final Cut"
0%
5 "Hidden Agenda"
0%
21 "Plague"
0%
18 "Sneak Peek"
0%
6 "Speak of Evil"
0%
16 "The Last Resort"
0%
2 "Untouchable"
0%
No matching quizzes found
Score Distribution
Percent of People with Each Score
Percentile by Number Answered
Your Score History
You have not taken this quiz